F1 2018 Race Winners - Statistics

General Stats
  • This quiz has been taken 46 times
  • The average score is 20 of 21
Answer Stats
Hint Answer % Correct
Azerbaijan Lewis Hamilton
98%
Spain Lewis Hamilton
98%
France Lewis Hamilton
98%
Germany Lewis Hamilton
98%
Hungary Lewis Hamilton
98%
Italy Lewis Hamilton
98%
Singapore Lewis Hamilton
98%
Russia Lewis Hamilton
98%
Japan Lewis Hamilton
98%
Brazil Lewis Hamilton
98%
Abu Dhabi Lewis Hamilton
98%
Austria Max Verstappen
98%
Mexico Max Verstappen
98%
Australia Sebastian Vettel
95%
Bahrain Sebastian Vettel
95%
Canada Sebastian Vettel
95%
UK Sebastian Vettel
95%
Belgium Sebastian Vettel
95%
China Daniel Ricciardo
91%
Monaco Daniel Ricciardo
91%
USA Kimi Raikkonen
75%
No matching quizzes found
Score Distribution
Percent of People with Each Score
Percentile by Number Answered
Your Score History
You have not taken this quiz